000 00510nam a2200157Ia 4500
008 240729s9999 xx 000 0 und d
022 _a2309-8775
245 0 _aJournal of the South African Institution of Civil Engineers
260 _aSouth Africa
260 _bSouth African Institution of Civil Engineering
650 _a Engineering (General). Civil engineering (General)
650 _aTechnology
856 _uhttps://doaj.org/toc/0cf3eadd224c459e898b74bfce5abb0c
942 _2ddc
942 _cDOAJEJ
999 _c69181
_d69181
945 _a1
_bMadushi Gamage
_c1
_dMadushi Gamage